Normal view
MARC view
- Pakistan (Short Stories)
Entry Topical Term
001 - CONTROL NUMBER
- control field: 110917
003 - CONTROL NUMBER IDENTIFIER
- control field: NUST
005 - DATE AND TIME OF LATEST TRANSACTION
- control field: 20230321142403.0
008 - FIXED-LENGTH DATA ELEMENTS
- fixed length control field: 230321|| aca||aabn | a|a d
040 ## - CATALOGING SOURCE
- Original cataloging agency: NUST
- Transcribing agency: NUST
150 ## - HEADING--TOPICAL TERM
- Topical term or geographic name entry element: Pakistan (Short Stories)
670 ## - SOURCE DATA FOUND
- Source citation: Work cat.: (NUST)187852: Siddiqui, Muhammad Ismail 110458, Aina Baluchistan / آئینہ بلوچستان (Urdu) /, 1982
